000 00356pab a2200157 454500
008 180718b1996 xxu||||| |||| 00| 0 eng d
100 _aChaudhary, Durga K.P.
245 _aWhat ails Indian police
260 _c1996
300 _ap.53-55
362 _aAug
650 _aPolice - India
650 _aPolice
773 _aThird Concept
909 _a31825
999 _c31825
_d31825